Текст томруулах:    
The management and control of quality (Бичлэгийн дугаар. 146083)
000 -УДИРДЛАГА
Удирдлага 01613nam a22004697a 4500
003 - ХЯНАЛТЫН ТОО ТОДОРХОЙЛОГЧ
Код MN-UlNUM
005 - БИЧИЛТ ХИЙСЭН ОГНОО
Тухайн бичилтийг бичсэн засварласан сүүлийн огноо 20260104172708.0
008 - ЕРӨНХИЙ МЭДЭЭЛЭЛ
Ерөнхий мэдээлэл 260104s2011 -cna|||| b||| 001 0 eng d
020 ## - ISBN
ISBN 9780538452601
040 ## - БИЧЛЭГ ҮҮСГЭГЧ БАЙГУУЛЛАГА
Бичлэг үүсгэгч номын сангийн код МУИС-ийн номын сан
084 ## - ББК АНГИЛАЛ
Нэмэлт тусгалт Гарын авлага
ББК ангилал 65.290-2
Зохиогчийн гурван тэмдэгт E 93
Мэдлэгийн ялгаа 65 - Эдийн засаг
100 ## - ЗОХИОГЧ
Зохиогчийн нэр Evans, James R.
Зохиогчийн огноо 1950-
Зохиогчийн бүтэн овог нэр (James Robert)
245 14 - ҮНДСЭН ГАРЧИГ
Номын нэр The management and control of quality
Оролцогчдын тухай мэдээ James R. Evans, William M. Lindsay
250 ## - ДАХИН ХЭВЛЭЛТ
Дахин гаралтын дугаар 8th ed.
260 ## - ГАРАЛТЫН МЭДЭЭ
Хэвлэгдсэн газар Canada
Хэвлэлийн газар South-Western Cengage Learning
Хэвлэгдсэн он 2011
300 ## - МАТЕРИАЛЫН ТОДОРХОЙЛОЛТ
хуудасны тоо xxiii, 743 p.
Бусад тоон мэдээлэл ill.
Хэмжээ 26 cm
500 ## - Тайлбар
Дансны дугаар БС 6029
546 ## - ХЭЛНИЙ ТУХАЙ МЭДЭЭ
Хэл Англи хэл дээр,
653 ## - Түлхүүр үг
Түлхүүр үг quality control
653 ## - Түлхүүр үг
Түлхүүр үг total quality management
653 ## - Түлхүүр үг
Түлхүүр үг quality assurance
700 1# - ХАМ ЗОХИОГЧИД
Ба бус Lindsay, William M.
740 ## - НОМЫН ГАРЧИГ
Гарчиг The quality system
740 ## - НОМЫН ГАРЧИГ
Гарчиг Introduction
740 ## - НОМЫН ГАРЧИГ
Гарчиг Total Quality in Organizations
740 ## - НОМЫН ГАРЧИГ
Гарчиг Philosophies and Frameworks
740 ## - НОМЫН ГАРЧИГ
Гарчиг The management system
740 ## - НОМЫН ГАРЧИГ
Гарчиг Leadership and Strategic Planning
740 ## - НОМЫН ГАРЧИГ
Гарчиг Focusing on Customers
740 ## - НОМЫН ГАРЧИГ
Гарчиг High Performance Workforce Management
740 ## - НОМЫН ГАРЧИГ
Гарчиг Process Management
740 ## - НОМЫН ГАРЧИГ
Гарчиг Performance Measurement and Information Management
740 ## - НОМЫН ГАРЧИГ
Гарчиг Building and Sustaining Performance Excellence in Organizations
740 ## - НОМЫН ГАРЧИГ
Гарчиг Six sigma and the technical system
740 ## - НОМЫН ГАРЧИГ
Гарчиг Statistical Thinking and Applications
740 ## - НОМЫН ГАРЧИГ
Гарчиг Six Sigma and Process Improvement
740 ## - НОМЫН ГАРЧИГ
Гарчиг Design for Quality and Product Excellence
740 ## - НОМЫН ГАРЧИГ
Гарчиг Statistical Process Control
942 ## - ЭЛЕМЕНТИЙН ТӨРӨЛ
Зүйлийн төрөл Ном